La señorita Elsa
Salvato in:
| Autore principale: | |
|---|---|
| Natura: | Libro |
| Lingua: | spagnolo |
| Pubblicazione: |
Buenos Aires
Losada S. A
1946
|
| Edizione: | 1a. ed |
| Serie: | Colección La Pajarilla de Papel
|
| Soggetti: | |
| Tags: |
Aggiungi Tag
Nessun Tag, puoi essere il primo ad aggiungerne!!
|
MARC
| LEADER | 00000cam a2200000 a 4500 | ||
|---|---|---|---|
| 001 | UCE2410 | ||
| 003 | CL-VaPUC | ||
| 008 | 140703e19460000ag |||||||||||||||||spa|d | ||
| 082 | 0 | 4 | |a 832 |b SCH |2 21 |
| 100 | 0 | |a Schnitzler, Arthur |e author |9 348973 | |
| 245 | 1 | 3 | |a La señorita Elsa |
| 246 | 1 | 0 | |a Huida a las tinieblas |
| 250 | |a 1a. ed | ||
| 300 | |a 271 p | ||
| 942 | |c BK | ||
| 945 | |d 20140703 14:09:00 |a dcastane | ||
| 260 | |a Buenos Aires |b Losada S. A |c 1946 | ||
| 650 | 0 | |a Dramas alemanes |9 266681 | |
| 650 | 0 | |a Literatura alemana |9 265457 | |
| 583 | |a last modification |c 20140703 14:09:00 |k Rodrigo Vera | ||
| 490 | 0 | |a Colección La Pajarilla de Papel | |
| 999 | |c 356011 |d 356009 | ||
| 952 | |0 0 |1 0 |3 erd |4 0 |6 832_000000000000000_SCH_1946 |7 0 |8 A |9 463084 |a BIBEDU |b BIBEDU |i 5048184 |o 832 SCH 1946 |p 5048184 |r 2019-11-23 |w 2019-11-23 |y BK |z Catalogado en:20140703 |k LIT | ||